Red ginseng extract and selenium reduce oxidative stress induced by potassium bromate in male rats (Record no. 59944)
[ view plain ]
| 000 -LEADER | |
|---|---|
| fixed length control field | 02973cab a2200301Ia 45 0 |
| 001 - CONTROL NUMBER | |
| control field | u210742 |
| 003 - CONTROL NUMBER IDENTIFIER | |
| control field | SIRSI |
| 008 - FIXED-LENGTH DATA ELEMENTS--GENERAL INFORMATION | |
| fixed length control field | 110331s2014 ua ss b eng d |
| 040 ## - CATALOGING SOURCE | |
| Original cataloging agency | EAL |
| 041 ## - LANGUAGE CODE | |
| Language code of text/sound track or separate title | eng |
| Language code of summary or abstract | ara |
| 090 ## - LOCALLY ASSIGNED LC-TYPE CALL NUMBER (OCLC); LOCAL CALL NUMBER (RLIN) | |
| Classification number (OCLC) (R) ; Classification number, CALL (RLIN) (NR) | ART AJARX V59 No1 1 |
| 100 1# - MAIN ENTRY--PERSONAL NAME | |
| Personal name | Ismail, Neveen S. |
| 240 10 - UNIFORM TITLE | |
| Uniform title | Alexandria journal of agricultural research, 2014 v. 59 (1) |
| Medium | [electronic resource]. |
| 245 10 - TITLE STATEMENT | |
| Title | Red ginseng extract and selenium reduce oxidative stress induced by potassium bromate in male rats |
| Medium | [electronic resource]. |
| 246 15 - VARYING FORM OF TITLE | |
| Title proper/short title | خلاصة نبات الجنسنج الأحمر والسلينيوم تقلل من الإجهاد التأكسدى فى ذكور الفئران المحدث ببرومات البوتاسيوم. |
| 300 ## - PHYSICAL DESCRIPTION | |
| Extent | p.1-8. |
| 504 ## - BIBLIOGRAPHY, ETC. NOTE | |
| Bibliography, etc. note | Includes references. |
| 520 ## - SUMMARY, ETC. | |
| Summary, etc. | The effect of red ginseng extract (RGE) and selenium (Se) on potassium bromate (KBr03)-induced oxidative stress in rats was investigated. Fifty mature male rats were used in this study and randomly distributed into 5 groups (n=1O). Group (1) was kept as a negative control and the other 4 groups were injected with a single intraperitoneal dose ofKBr03 (125 mg/kg/BW) to induce oxidative stress. Group (2) was kept as a positive control and groups (3), (4) and (5) were orally given RGE (200 mg/kg/ BW), Se (0.5 mg/kg/ BW) and RGE and Se, daily for 8 weeks, respectively. At the end of experiment, blood samples were collected and livers were taken for biochemical analyses. The results showed that oxidative stress induced by KBr03 in rats caused significant decreases in body weight gain and feed efficiency ratio. It also passively affected biomarkers of hepatorenal function, increased lipid peroxidation and decreased the activity of antioxidant enzymes (GPX, SOD and CAT) in liver tissues. Oral administration of RGE increased weight gain and feed efficiency ratio. RGE also improved hepatorenal function, decreased lipid peroxidation and normalized biomarkers of oxidative stress. These effects were amplified by coadministration of red ginseng extract with selenium and this might be attributed to the addition effect. In conclusion, coadministration of red ginseng plant and selenium induces high antioxidant activity as it markedly reduces oxidative stress biomarkers in rats. Therefore intake of red ginseng and selenium may be beneficial for patients with oxidative stress which is linked as a main cause of many diseases. Key words: Red Ginseng; Selenium; Oxidative stress; Potassium bromate Antioxidants; Hepatorenal function; Biochemistry; Rats. |
| 546 ## - LANGUAGE NOTE | |
| Language note | Summary in Arabic. |
| 596 ## - | |
| -- | 1 |
| 650 #0 - SUBJECT ADDED ENTRY--TOPICAL TERM | |
| Topical term or geographic name entry element | Rats |
| General subdivision | Diseases. |
| 650 #0 - SUBJECT ADDED ENTRY--TOPICAL TERM | |
| Topical term or geographic name entry element | Oxidative stress. |
| 650 #0 - SUBJECT ADDED ENTRY--TOPICAL TERM | |
| Topical term or geographic name entry element | Potassium bromate. |
| 650 #0 - SUBJECT ADDED ENTRY--TOPICAL TERM | |
| Topical term or geographic name entry element | Ginseng |
| General subdivision | Therapeutic use. |
| 650 #0 - SUBJECT ADDED ENTRY--TOPICAL TERM | |
| Topical term or geographic name entry element | Selenium |
| General subdivision | Therapeutic use. |
| 773 0# - HOST ITEM ENTRY | |
| Title | Alexandria Journal of Agricultural Research. |
| Related parts | 2014.v.59(1) |
| International Standard Serial Number | 0044-7250 |
| Control subfield | nnas |
| Record control number | u158486 |
| 856 40 - ELECTRONIC LOCATION AND ACCESS | |
| Uniform Resource Identifier | <a href="http://nile.enal.sci.eg/EALE/2014/AJARX/5914/1/1.pdf">http://nile.enal.sci.eg/EALE/2014/AJARX/5914/1/1.pdf</a> |
| Public note | Full Text Article |
| 942 ## - ADDED ENTRY ELEMENTS (KOHA) | |
| Koha item type | Articles |
| Source of classification or shelving scheme | Library of Congress Classification |
No items available.